000 00400nam a2200133Ia 4500
008 151001s9999||||xx |||||||||||||| ||und||
100 _aकुमुदिनी रांगणेकर
245 _aहा खेळ संशयाचा
250 _a1
260 _bगुलमोहर प्रकाशन सातारा
260 _c1989
300 _a24
365 _b18
999 _c966861
_d966858